00299nam a2200109Ia 4500008004100000020001800041082001400059100002200073245006500095260001400160500001500174260604s9999 xx 000 0 und d a9781108451031 a158.1 PAR aThomas d. parsons 0aEthical Challenges in Digital Psychology and Cyberpsychology bCambridge aPsychology